Catálogo

Innovación / (Registro nro. 67121)

Detalles MARC
000 -LEADER
fixed length control field 01565cam a2200373 i 4500
001 - CONTROL NUMBER
control field 67121
003 - CONTROL NUMBER IDENTIFIER
control field Mx-PuUPA
005 - DATE AND TIME OF LATEST TRANSACTION
control field 20260326100108.0
008 - FIXED-LENGTH DATA ELEMENTS--GENERAL INFORMATION
fixed length control field 170404s2011 mx gr 000 0 spa d
020 ## - INTERNATIONAL STANDARD BOOK NUMBER
International Standard Book Number 9786071709400
040 ## - CATALOGING SOURCE
Transcribing agency Mx-PuUPA
Original cataloging agency Mx-PuUPA
Language of cataloging spa
Modifying agency Mx-PuUPA
Description conventions rda
041 1# - LANGUAGE CODE
Language code of text/sound track or separate title spa
Language code of original eng
100 1# - MAIN ENTRY--PERSONAL NAME
Personal name Bruce, Andy,
Relator term autor
9 (RLIN) 4327
240 10 - UNIFORM TITLE
Uniform title Fast track to success. Innovation.
Language of a work Español
245 10 - TITLE STATEMENT
Title Innovación /
Statement of responsibility, etc. Andy Bruce, David Birchall ; traducción, José Carmen Pecina Hernández
246 3# - VARYING FORM OF TITLE
Title proper/short title Fast track to success :
Remainder of title innovación.
250 ## - EDITION STATEMENT
Edition statement Primera edición /
Remainder of edition statement agosto
264 #1 - PRODUCTION, PUBLICATION, DISTRIBUTION, MANUFACTURE, AND COPYRIGHT NOTICE
Place of production, publication, distribution, manufacture México, D.F. :
Name of producer, publisher, distributor, manufacturer Editorial Trillas,
Date of production, publication, distribution, manufacture, or copyright notice ©2011
300 ## - PHYSICAL DESCRIPTION
Extent 238 páginas :
Other physical details diagramas, tablas ;
Dimensions 23 cm
336 ## - CONTENT TYPE
Content type term texto
Fuente rdacontent
Content type code txt
337 ## - MEDIA TYPE
Media type term sin medio
Source rdamedia
Media type code n
338 ## - CARRIER TYPE
Carrier type code nc
Source rdacarrier
Carrier type term volumen
490 0# - SERIES STATEMENT
Series statement Fast Track
505 ## - FORMATTED CONTENTS NOTE
Formatted contents note "Aspectos esenciales de la innovación ; Cómo llegar a la alta gerencia ; Técnicas de la creatividad". --Cubierta
650 #7 - SUBJECT ADDED ENTRY--TOPICAL TERM
Source of heading or term armarc
Topical term or geographic name entry element Innovaciones tecnológicas
General subdivision Administración
650 #7 - SUBJECT ADDED ENTRY--TOPICAL TERM
Source of heading or term armarc
Topical term or geographic name entry element Desarrollo profesional
700 1# - ADDED ENTRY--PERSONAL NAME
Personal name Birchall, David,
Relator term autor
700 1# - ADDED ENTRY--PERSONAL NAME
Personal name Pecina Hernández, José Carmen,
Relator term traductor
765 0# - ORIGINAL LANGUAGE ENTRY
Main entry heading Bruce, Andy,
Edition Segunda edición
Place, publisher, and date of publication United Kingdom : Pearson Education Limited, 2009
Title Fast track to success. Innovation.
942 ## - ADDED ENTRY ELEMENTS (KOHA)
Koha item type Libro
Source of classification or shelving scheme Dewey Decimal Classification
Classification part 658.4063
Item part B8818
Existencias
Withdrawn status Lost status Source of classification or shelving scheme Damaged status Not for loan Collection code Home library Current library Shelving location Date acquired Source of acquisition Total Checkouts Full call number Barcode Date last seen Price effective from Koha item type Cost, normal purchase price Cost, replacement price Copy number
    Dewey Decimal Classification     General Biblioteca Karol Wojtyla Biblioteca Karol Wojtyla Sala general 23/03/2026 1   658.4063 B8818 2011 106361 07/04/2026 23/03/2026 Libro 446.00 446.00  
    Dewey Decimal Classification     General Biblioteca Karol Wojtyla Biblioteca Karol Wojtyla Sala general 23/03/2026 1   658.4063 B8818 2011 106362 07/04/2026 23/03/2026 Libro 446.00 446.00 Ej.2
    Dewey Decimal Classification   Consulta en sala General Tehuacán Tehuacán Sala general 04/04/2017 Compra   658.4063 BRU 2011 510622 08/01/2025 04/04/2017 Reserva permanente